Normal view
MARC view
Entry Personal Name
001 - CONTROL NUMBER
- control field: 6235
003 - CONTROL NUMBER IDENTIFIER
- control field: OSt
005 - DATE AND TIME OF LATEST TRANSACTION
- control field: 20190607164429.0
008 - FIXED-LENGTH DATA ELEMENTS
- fixed length control field: 190607|| aca||aabn | a|a d
040 ## - CATALOGING SOURCE
- Original cataloging agency: OSt
- Transcribing agency: OSt
100 ## - HEADING--PERSONAL NAME
- Personal name: Shaikh, Asma
670 ## - SOURCE DATA FOUND
- Source citation: Work cat.: (OSt): Shaikh, Asma, Indian women leaders: a case of Begum of Bhopal , 2019
